00580nam a2200205Ia 4500008004100000020001800041050001400059100001000073245002100083245004600104245001400150260001000164260001100174260000900185300001600194300002800210300001000238999001900248952010700267170918s9999 xx 000 0 und d a9781591748496 bK668 2011 aKlutz aRule the world : b119 shortcuts to total world domination / cby Klutz. aUSA : bKlutz, c2011 a118 pages : bcolored illustrations ; c22cm. c343989d343989 001040aSSISMbSSISMd2017-09-18l0oGS FIC K668 2011pSSISM3061r2017-09-18 00:00:00w2017-09-18yBK